000 00217 a2200097 4500
001 14273
100 _aTreble, H.A
245 _aAn ABC of english usage
260 _aOxford
_bClarendon press
_c
090 _c11183
_d11183
942 _aNUST-CAE
_cM
_c1318
999 _c249346
_d249346